|
|
|
|
| LEADER |
00000nab a2200000 a 4500 |
| 001 |
vtls000834190 |
| 003 |
SK-MaSNL |
| 005 |
20260304120833.0 |
| 008 |
250429c2003 xo 0 slo |
| 015 |
|
|
|a SNBRB2003/05-13994
|
| 035 |
|
|
|a CLN000185845
|
| 035 |
|
|
|a urn:nbn:sk:snk-abbwb8
|
| 035 |
|
|
|a (urnnbn)urn:nbn:sk:snk:ar-004a15
|
| 035 |
|
|
|a (uuid)b56656b0-d073-4eb4-8482-b9422e25987c
|
| 040 |
|
|
|a SNKBUCL
|b slo
|c SNKBUCL
|e AACR2
|
| 041 |
0 |
|
|a slo
|
| 044 |
|
|
|a xo
|c SK
|
| 080 |
|
|
|a 75.071.1
|2 1997
|
| 100 |
1 |
|
|a Bartošová, Zuzana,
|d 1946-
|4 aut
|9 92788
|
| 245 |
1 |
0 |
|a Roland Goeschl
|c Zuzana Bartošová
|
| 600 |
1 |
7 |
|a Goeschl, Roland,
|d 1932-
|2 snkbucl
|9 25210
|
| 655 |
|
7 |
|a články z novín a časopisov
|2 snkbucl
|9 267496
|
| 773 |
0 |
|
|t Revue svetovej literatúry
|g Roč. 39, č. 1 (2003), s. 121-122
|
| 850 |
|
|
|a Slovenská národná knižnica
|
| 852 |
|
|
|a Slovenská národná knižnica
|
| 958 |
|
|
|a article15
|
| 958 |
|
|
|a AT
|
| 958 |
|
|
|a OND
|
| 958 |
|
|
|a EUIPO
|
| 992 |
|
|
|a RBX
|
| 999 |
|
|
|c 2881842
|d 2883772
|